[Event "Ribeirao Preto Batatais op"]
[Site "Ribeirao Preto"]
[Date "2015.02.28"]
[Round "2"]
[White "Rogani, Bruno"]
[Black "Da Silva, Diego Nunes"]
[Result "1-0"]
[WhiteElo "1889"]
[BlackElo "1797"]
[PlyCount "80"]
[EventDate "2015.02.28"]
[EventType "swiss"]
[EventRounds "5"]
[EventCountry "BRA"]
[SourceTitle "CBM 165 Extra"]
[Source "ChessBase"]
[SourceDate "2015.04.21"]
[SourceVersion "1"]
[SourceVersionDate "2015.04.21"]
[SourceQuality "1"]

1. e4 e5 2. Nf3 Nc6 3. Bc4 Bc5 4. c3 d6 5. d3 Bg4 6. a4 a5 7. h3 Bxf3 8. Qxf3 Qf6 9. Qg3 h6 10. Nd2 Nge7 11. Nf3 Qg6 12. Qxg6 Nxg6 13. g3 Nce7 14. d4 Bb6 15. h4 c6 16. h5 Nf8 17. dxe5 d5 18. exd5 cxd5 19. Bb5+ Nc6 20. Nd4 Bxd4 21. cxd4 Ne6 22. Be3 Ke7 23. Bxc6 bxc6 24. Rc1 Rhc8 25. f4 Rab8 26. f5 Rb3 27. Rc3 Rxc3 28. bxc3 Rb8 29. Bc1 Nc7 30. Kd2 Ne8 31. Kc2 f6 32. Ba3+ Kd7 33. Rb1 Rxb1 34. Kxb1 Nc7 35. Bf8 fxe5 36. Bxg7 exd4 37. cxd4 Ke7 38. Bxh6 Kf6 39. g4 Ne8 40. Bf4 Kg7 1-0

[Event "Sao Jose de Rio Preto 160 Anos"]
[Site "Sao Jose do Rio Preto"]
[Date "2012.03.25"]
[Round "6"]
[White "Dias, Simao Poscidonio"]
[Black "Rogani, Bruno"]
[Result "1-0"]
[WhiteElo "2055"]
[BlackElo "1894"]
[PlyCount "75"]
[EventDate "2012.03.23"]
[EventType "swiss"]
[EventRounds "6"]
[EventCountry "BRA"]
[SourceTitle "CBM 147 Extra"]
[Source "ChessBase"]
[SourceDate "2012.04.24"]
[SourceVersion "1"]
[SourceVersionDate "2012.04.24"]
[SourceQuality "1"]

1. e4 e5 2. Nf3 Nc6 3. Bc4 Bc5 4. c3 Nf6 5. d3 d6 6. Nbd2 Na5 7. Bb5+ c6 8. Ba4 b5 9. Bc2 Bb6 10. 0-0 Bg4 11. h3 Bh5 12. Re1 0-0 13. Nf1 h6 14. g4 Bg6 15. Ng3 Qd7 16. a4 a6 17. Kg2 Nb7 18. Nh4 Nd8 19. Qf3 Nh7 20. Nhf5 Ne6 21. h4 b4 22. a5 Bc5 23. Ba4 Rac8 24. Rd1 bxc3 25. bxc3 Ba7 26. d4 exd4 27. cxd4 Qc7 28. Be3 Kh8 29. Rdc1 c5 30. d5 Nd8 31. Bf4 Nb7 32. Bc6 Rcd8 33. Rcb1 Nxa5 34. Qc3 Bxf5 35. Nxf5 f6 36. Rxa5 g6 37. Rb7 Qc8 38. Nxh6 1-0

[Event "Sao Jose de Rio Preto 160 Anos"]
[Site "Sao Jose do Rio Preto"]
[Date "2012.03.25"]
[Round "5"]
[White "Rogani, Bruno"]
[Black "Utiyama, Marcel Heimar Ribei"]
[Result "0-1"]
[WhiteElo "1894"]
[BlackElo "2120"]
[PlyCount "90"]
[EventDate "2012.03.23"]
[EventType "swiss"]
[EventRounds "6"]
[EventCountry "BRA"]
[SourceTitle "CBM 147 Extra"]
[Source "ChessBase"]
[SourceDate "2012.04.24"]
[SourceVersion "1"]
[SourceVersionDate "2012.04.24"]
[SourceQuality "1"]

1. e4 c5 2. Nf3 Nc6 3. d4 cxd4 4. Nxd4 g6 5. c4 Nf6 6. Nc3 Nxd4 7. Qxd4 d6 8. c5 dxc5 9. Bb5+ Bd7 10. Qxc5 Bg7 11. 0-0 a6 12. Bxd7+ Nxd7 13. Qb4 Qb6 14. Qa4 Qd4 15. Qa3 Qc5 16. Qb3 Bxc3 17. bxc3 Qc6 18. Ba3 Rc8 19. Rac1 b5 20. Qb4 Qe6 21. Rfd1 Rc4 22. Qb2 0-0 23. f3 Rfc8 24. Rd4 Nb6 25. Rxc4 Rxc4 26. Qd2 Rc8 27. Qd4 Na4 28. Rc2 f6 29. Bb4 Kf7 30. Kf2 Qc6 31. e5 Qb6 32. Qxb6 Nxb6 33. exf6 exf6 34. Rd2 Rc6 35. Ke2 Ke6 36. Kd1 Nd5 37. Re2+ Kf5 38. Kd2 h5 39. Re4 a5 40. Rd4 Nb6 41. Be7 Nc4+ 42. Kd3 Ke6 43. Re4+ Ne5+ 44. Kd2 Kxe7 45. f4 Rc4 0-1

[Event "BRA-ch U25"]
[Site "Sao Paulo"]
[Date "2012.02.21"]
[Round "7"]
[White "Silva, Alexandre Freitas"]
[Black "Rogani, Bruno"]
[Result "1-0"]
[WhiteElo "1840"]
[BlackElo "1918"]
[PlyCount "125"]
[EventDate "2012.02.18"]
[EventType "swiss"]
[EventRounds "7"]
[EventCountry "BRA"]
[SourceTitle "CBM 147 Extra"]
[Source "ChessBase"]
[SourceDate "2012.04.24"]
[SourceVersion "1"]
[SourceVersionDate "2012.04.24"]
[SourceQuality "1"]

1. e4 e5 2. Nf3 Nc6 3. Bb5 a6 4. Ba4 Nf6 5. 0-0 Be7 6. Re1 b5 7. Bb3 0-0 8. c3 d6 9. h3 Na5 10. Bc2 c5 11. d4 Qc7 12. Nbd2 cxd4 13. cxd4 Bd7 14. Nf1 Rfc8 15. Bd3 Nc6 16. Be3 Nb4 17. Rc1 Qb8 18. Bb1 a5 19. a3 Rxc1 20. Bxc1 Na6 21. b3 b4 22. a4 Bd8 23. Bb2 exd4 24. Nxd4 Nc5 25. Nf5 Bxf5 26. exf5 Ra7 27. Ne3 Ncd7 28. Nc2 Bb6 29. Nd4 Bxd4 30. Qxd4 Qb6 31. Qh4 Ra8 32. g4 Re8 33. Rxe8+ Nxe8 34. Qe7 Nef6 35. g5 Ne5 36. gxf6 gxf6 37. Qxf6 Qc5 38. Qg5+ Kf8 39. Bxe5 Qxe5 40. Qe3 Qa1 41. Qd3 d5 42. Kg2 Qg7+ 43. Qg3 Qb2 44. Qd3 Qg7+ 45. Kf3 Qh6 46. Ke2 Qf6 47. Bc2 Qe5+ 48. Qe3 Qb2 49. Kd2 Qf6 50. Qc5+ Kg7 51. Qxd5 Qc3+ 52. Kd1 Qa1+ 53. Ke2 Qc3 54. Qd3 Qe5+ 55. Qe4 Qb2 56. Kd2 Qf6 57. h4 Qa6 58. f6+ Kg8 59. Qg4+ Kf8 60. Qg7+ Ke8 61. Qg8+ Kd7 62. Qxf7+ Kc8 63. Qc4+ 1-0

[Event "BRA-ch U25"]
[Site "Sao Paulo"]
[Date "2012.02.20"]
[Round "5"]
[White "Sztokbant, Bernardo Vainzoff"]
[Black "Rogani, Bruno"]
[Result "1-0"]
[WhiteElo "2016"]
[BlackElo "1918"]
[PlyCount "95"]
[EventDate "2012.02.18"]
[EventType "swiss"]
[EventRounds "7"]
[EventCountry "BRA"]
[SourceTitle "CBM 147 Extra"]
[Source "ChessBase"]
[SourceDate "2012.04.24"]
[SourceVersion "1"]
[SourceVersionDate "2012.04.24"]
[SourceQuality "1"]

1. e4 e5 2. Nf3 Nc6 3. Bb5 a6 4. Ba4 Nf6 5. 0-0 Be7 6. Re1 b5 7. Bb3 0-0 8. c3 d6 9. h3 Na5 10. Bc2 c5 11. d4 Qc7 12. Nbd2 Bd7 13. Nf1 cxd4 14. cxd4 Rac8 15. Ne3 Nc6 16. d5 Nb4 17. Bb1 a5 18. a3 Na6 19. b4 Qb7 20. Bd2 axb4 21. axb4 Nc7 22. Bd3 Ra8 23. Qb3 Rxa1 24. Rxa1 Ra8 25. Ra3 Rxa3 26. Qxa3 Qa8 27. Qxa8+ Nxa8 28. Ne1 Nh5 29. N1c2 Nf4 30. Bf1 Bd8 31. Na3 Nc7 32. Nd1 f5 33. f3 fxe4 34. fxe4 Nh5 35. Be3 Ng3 36. Bd3 Ne8 37. Nc3 Kf7 38. Naxb5 Bxb5 39. Nxb5 Ke7 40. Kf2 Nh5 41. Na7 Nhf6 42. b5 Kd7 43. b6 h6 44. Bb5+ Ke7 45. Nc6+ Kd7 46. Nxe5+ Kc8 47. Ba6+ Kb8 48. Nc6+ 1-0

[Event "Batatais op 2nd"]
[Site "Batatais"]
[Date "2011.12.18"]
[Round "5"]
[White "Cintra, Rodrigo Cesar"]
[Black "Rogani, Bruno"]
[Result "0-1"]
[WhiteElo "1839"]
[BlackElo "1922"]
[PlyCount "72"]
[EventDate "2011.12.16"]
[EventType "swiss"]
[EventRounds "6"]
[EventCountry "BRA"]
[SourceTitle "EXT 2013"]
[Source "ChessBase"]
[SourceDate "2012.11.22"]
[SourceVersion "1"]
[SourceVersionDate "2012.11.22"]
[SourceQuality "1"]

1. e4 e5 2. Nf3 Nc6 3. Nc3 Nf6 4. Bc4 Bc5 5. 0-0 0-0 6. d3 h6 7. Be3 Be7 8. a3 d6 9. Nd5 Nxd5 10. exd5 Nb8 11. d4 Bg4 12. dxe5 dxe5 13. h3 Bxf3 14. Qxf3 Bd6 15. Bd3 Qd7 16. Bf5 Qe7 17. Qg4 Qf6 18. f4 exf4 19. g3 Kh8 20. gxf4 Na6 21. b4 Rae8 22. Bf2 g6 23. Bd7 Re4 24. Bg3 Qd4+ 25. Kh2 Nb8 26. Rad1 Qc4 27. Ba4 b5 28. Bb3 Re2+ 29. Kg1 Qe4 30. Bf2 Kh7 31. Bxa7 Nd7 32. Qf3 Qe7 33. Bd4 Re8 34. Be5 Bxe5 35. fxe5 Qxe5 36. d6 Qh2# 0-1

[Event "Batatais op 2nd"]
[Site "Batatais"]
[Date "2011.12.17"]
[Round "3"]
[White "Rogani, Bruno"]
[Black "Bonvini, Alberto Tonhati"]
[Result "1-0"]
[WhiteElo "1922"]
[BlackElo "1840"]
[PlyCount "71"]
[EventDate "2011.12.16"]
[EventType "swiss"]
[EventRounds "6"]
[EventCountry "BRA"]
[SourceTitle "EXT 2013"]
[Source "ChessBase"]
[SourceDate "2012.11.22"]
[SourceVersion "1"]
[SourceVersionDate "2012.11.22"]
[SourceQuality "1"]

1. e4 e5 2. Nf3 Nc6 3. Bc4 Nf6 4. d3 h6 5. c3 Bc5 6. a4 a5 7. 0-0 d6 8. h3 0-0 9. Na3 Ne7 10. Re1 Ng6 11. d4 Bxa3 12. Rxa3 Re8 13. Bd3 c6 14. Ra1 Qc7 15. Qc2 Bd7 16. b3 Nh5 17. dxe5 Nxe5 18. Qe2 Nxd3 19. Qxd3 Rad8 20. c4 Be6 21. Nd4 g5 22. Nxe6 Rxe6 23. Qf3 Ng7 24. Bb2 f6 25. Rad1 Kf7 26. Re2 Rde8 27. Rde1 c5 28. Qe3 Qc6 29. f4 b6 30. fxg5 hxg5 31. Rf1 Nh5 32. Bc1 Rxe4 33. Qf3 Kg8 34. Rxe4 Qxe4 35. Qxh5 Qd4+ 36. Kh1 1-0

[Event "Barrinha op"]
[Site "Barrinha"]
[Date "2011.10.16"]
[Round "5.6"]
[White "Batista, Renato Luiz"]
[Black "Rogani, Bruno"]
[Result "1/2-1/2"]
[WhiteElo "2194"]
[BlackElo "1904"]
[PlyCount "64"]
[EventDate "2011.10.14"]
[EventType "swiss"]
[EventRounds "6"]
[EventCountry "BRA"]
[SourceTitle "EXT 2022"]
[Source "ChessBase"]
[SourceDate "2021.10.06"]
[SourceVersion "1"]
[SourceVersionDate "2021.10.06"]
[SourceQuality "1"]

1. d4 Nf6 2. c4 g6 3. Nc3 Bg7 4. e4 d6 5. Nf3 0-0 6. Be2 e5 7. 0-0 Nc6 8. d5 Ne7 9. Ne1 Nd7 10. Be3 f5 11. f3 f4 12. Bf2 g5 13. Nd3 h5 14. c5 Nf6 15. cxd6 cxd6 16. Rc1 Rf7 17. Nb5 Ng6 18. Qc2 Ne8 19. a4 g4 20. Qd1 Nf6 21. Rc3 gxf3 22. Bxf3 Bg4 23. Qe2 a6 24. Na3 Qa5 25. Nc4 Qd8 26. Nb6 Rb8 27. Rfc1 Kh7 28. a5 Bf8 29. Kh1 Rg7 30. b4 Rf7 31. h3 Bxf3 32. Qxf3 Bh6 1/2-1/2

[Event "Maringa op"]
[Site "Maringa"]
[Date "2011.07.03"]
[Round "6"]
[White "Santana, Anderson Pereira"]
[Black "Rogani, Bruno"]
[Result "0-1"]
[WhiteElo "2112"]
[BlackElo "1912"]
[PlyCount "102"]
[EventDate "2011.06.30"]
[EventType "swiss"]
[EventRounds "7"]
[EventCountry "BRA"]
[SourceTitle "EXT 2014"]
[Source "ChessBase"]
[SourceDate "2013.11.20"]
[SourceVersion "1"]
[SourceVersionDate "2013.11.20"]
[SourceQuality "1"]

1. d4 Nf6 2. c4 g6 3. Nc3 Bg7 4. e4 d6 5. Bd3 0-0 6. Nge2 Nc6 7. a3 e5 8. d5 Ne7 9. 0-0 Nd7 10. Be3 f5 11. f3 f4 12. Bf2 g5 13. b4 Nf6 14. c5 g4 15. Rc1 gxf3 16. gxf3 Bh3 17. Re1 Qe8 18. Kh1 Qg6 19. Rg1 Qh5 20. Nxf4 exf4 21. Nb5 Ne8 22. Nxc7 Nxc7 23. cxd6 Ncxd5 24. exd5 Ng6 25. Rc7 Rf7 26. Be4 Be5 27. Qd3 Bf5 28. Bxf5 Qxf5 29. Qxf5 Rxf5 30. Rxb7 Bxd6 31. Rd1 Rf7 32. Rxf7 Kxf7 33. Bc5 Bxc5 34. bxc5 Ke7 35. Rb1 Rd8 36. Rb7+ Kf6 37. d6 Ne5 38. Rxh7 Nxf3 39. Rh6+ Ke5 40. Kg2 Nd4 41. Rh7 a5 42. Ra7 Nc6 43. Ra6 Kd5 44. Kf3 Rh8 45. d7 Kxc5 46. a4 Rd8 47. Kxf4 Rxd7 48. h4 Rd4+ 49. Kg5 Rxa4 50. h5 Rd4 51. h6 Rd8 0-1

[Event "Maringa op"]
[Site "Maringa"]
[Date "2011.07.02"]
[Round "4"]
[White "Gomez, Gustavo Pizzocaro"]
[Black "Rogani, Bruno"]
[Result "1-0"]
[WhiteElo "2153"]
[BlackElo "1912"]
[PlyCount "131"]
[EventDate "2011.06.30"]
[EventType "swiss"]
[EventRounds "7"]
[EventCountry "BRA"]
[SourceTitle "EXT 2014"]
[Source "ChessBase"]
[SourceDate "2013.11.20"]
[SourceVersion "1"]
[SourceVersionDate "2013.11.20"]
[SourceQuality "1"]

1. d4 Nf6 2. Nf3 g6 3. g3 Bg7 4. Bg2 0-0 5. 0-0 d6 6. c4 Nbd7 7. Nc3 c6 8. e4 e5 9. h3 Re8 10. Re1 exd4 11. Nxd4 Qa5 12. Be3 Ne5 13. Nb3 Qc7 14. Nd2 Be6 15. b3 Nd3 16. Re2 Qa5 17. Ndb1 Nc5 18. Bd2 Qc7 19. Qc2 Rad8 20. Bf4 Qa5 21. a3 Qb6 22. Nd2 Nh5 23. Be3 Qc7 24. Rae1 Na6 25. g4 Nf6 26. Nf3 Nd7 27. Nd4 Qa5 28. f4 Nf8 29. f5 Bc8 30. Qc1 Nd7 31. b4 Qc7 32. Nd1 Ne5 33. Nf2 Nb8 34. Nf3 Nbd7 35. Bg5 Nxf3+ 36. Bxf3 Ne5 37. Bg2 Rd7 38. h4 Qb6 39. Be3 Qc7 40. g5 Rdd8 41. Qc2 b6 42. f6 Bf8 43. Nd3 Nxd3 44. Qxd3 a5 45. b5 Be6 46. Rc1 Rc8 47. Qd4 Rb8 48. a4 Bg4 49. Rf2 Qd7 50. Qd2 Bh3 51. Bf3 Bg4 52. bxc6 Qc8 53. c7 Rb7 54. Bh1 Qxc7 55. Rf4 Bd7 56. h5 Re5 57. Rh4 Rb8 58. Bd4 Rbe8 59. hxg6 fxg6 60. f7+ Kxf7 61. Rxh7+ Kg8 62. Qh2 Bg7 63. Rxg7+ Kxg7 64. Qh6+ Kf7 65. Qh7+ Kf8 66. Rf1+ 1-0

[Event "Bauru op U2200"]
[Site "Bauru"]
[Date "2010.09.18"]
[Round "3"]
[White "Mandetta, Joao Danilo"]
[Black "Rogani, Bruno"]
[Result "1-0"]
[WhiteElo "2051"]
[BlackElo "1968"]
[PlyCount "97"]
[EventDate "2010.09.??"]
[EventType "swiss"]
[EventRounds "6"]
[EventCountry "BRA"]
[SourceTitle "EXT 2014"]
[Source "ChessBase"]
[SourceDate "2013.11.20"]
[SourceVersion "1"]
[SourceVersionDate "2013.11.20"]
[SourceQuality "1"]

1. Nf3 Nf6 2. c4 g6 3. g3 Bg7 4. Bg2 0-0 5. 0-0 d6 6. Nc3 Nbd7 7. Rb1 a5 8. a3 c6 9. b4 axb4 10. axb4 Nb6 11. d3 e5 12. Qc2 Nh5 13. c5 Nd5 14. Ne4 dxc5 15. bxc5 Nc7 16. Nd6 b5 17. cxb6 Qxd6 18. bxc7 Qxc7 19. Be3 Be6 20. Ng5 Bd7 21. Bb6 Qc8 22. Bc5 Re8 23. Ne4 Qa6 24. Rb6 Qa2 25. Rb2 Qa4 26. Qxa4 Rxa4 27. Nd6 Rea8 28. Rb7 Nf6 29. Nc4 Ra2 30. Nxe5 Bc8 31. Rbb1 Bd7 32. e3 h5 33. d4 Be8 34. Nxc6 R8a4 35. Rb8 Kh7 36. Nb4 Ra1 37. Nc2 R1a2 38. Ne1 Ra5 39. Nf3 Kh6 40. Bd6 Bd7 41. Bf4+ g5 42. Nxg5 Kg6 43. Nf3 Bb5 44. Ne5+ Kh7 45. Rc1 Ra1 46. Rbc8 R1a2 47. Nxf7 Rd2 48. Ng5+ Kg6 49. Ne4 1-0

[Event "Sindilegis op-B"]
[Site "Sindilegis"]
[Date "2009.10.24"]
[Round "?"]
[White "Oliveira, Jhonny Silva"]
[Black "Rogani, Bruno"]
[Result "1/2-1/2"]
[WhiteElo "1507"]
[BlackElo "1975"]
[PlyCount "89"]
[EventDate "2009.10.23"]
[EventType "swiss"]
[EventRounds "6"]
[EventCountry "BRA"]
[SourceTitle "EXT 2012"]
[Source "ChessBase"]
[SourceDate "2011.11.24"]
[SourceVersion "1"]
[SourceVersionDate "2011.11.24"]
[SourceQuality "1"]

1. e4 e5 2. Nf3 Nc6 3. Bc4 Bc5 4. c3 Nf6 5. d3 d6 6. b4 Bb6 7. a4 a6 8. 0-0 Be6 9. Na3 Bg4 10. h3 Bh5 11. Be3 0-0 12. Nc2 d5 13. exd5 Nxd5 14. Bxb6 Nxb6 15. Bb3 Nd5 16. Bxd5 Qxd5 17. Ne3 Qe6 18. g4 Bg6 19. Nh4 Ne7 20. Nxg6 Nxg6 21. Ng2 Rad8 22. Qc2 Qd5 23. Rad1 Qf3 24. Kh2 Rd7 25. Rfe1 Rfd8 26. Re3 Qc6 27. h4 f6 28. h5 Ne7 29. c4 b5 30. axb5 axb5 31. Rc1 Rd4 32. Rg3 bxc4 33. dxc4 Rd2 34. Qb3 Rxf2 35. b5 Qc5 36. Rc2 Rdd2 37. Rxd2 Rxd2 38. Rd3 Rxd3 39. Qxd3 Qd4 40. Qxd4 exd4 41. Nf4 Nc8 42. c5 Kf7 43. Kg3 Ke7 44. Kf3 Kd7 45. Ke4 1/2-1/2

[Event "Paulista-ch Juniors"]
[Site "Santos"]
[Date "2009.06.??"]
[Round "1"]
[White "Rogani, Bruno"]
[Black "Abdalla, Luiz Guilherme"]
[Result "1/2-1/2"]
[WhiteElo "1975"]
[BlackElo "2085"]
[PlyCount "82"]
[EventDate "2009.06.20"]
[EventType "swiss"]
[EventRounds "5"]
[EventCountry "BRA"]
[SourceTitle "EXT 2022"]
[Source "ChessBase"]
[SourceDate "2021.10.06"]
[SourceVersion "1"]
[SourceVersionDate "2021.10.06"]
[SourceQuality "1"]

1. e4 c5 2. Nf3 Nc6 3. d4 cxd4 4. Nxd4 g6 5. Be3 Bg7 6. Nc3 Nf6 7. f3 0-0 8. Qd2 d5 9. 0-0-0 Nxd4 10. Bxd4 dxe4 11. Nxe4 Nxe4 12. fxe4 Bxd4 13. Qxd4 Qa5 14. Bc4 Bg4 15. Rd2 Rad8 16. Qf2 Rxd2 17. Qxd2 Qe5 18. Qe3 Rc8 19. Bb3 Rd8 20. h3 Be6 21. Rf1 b6 22. g4 Bxb3 23. Qxb3 Qg5+ 24. Kb1 Qf4 25. Qc4 Rd4 26. b3 Rxc4 27. Rxf4 e5 28. Rxf7 Kxf7 29. bxc4 Kf6 30. h4 g5 31. h5 Ke6 32. Kb2 Kd6 33. Kb3 Kc5 34. Kc3 h6 35. a3 a6 36. Kd3 Kd6 37. Kc3 a5 38. Kd3 Kc6 39. Kd2 Kd6 40. Kd3 Kc6 41. Kd2 Kd6 1/2-1/2